00603 2200229 4500001002100000005001500021035002000036007000300056008004100059020002200100082001000122084001600132100001100148245005100159250001800210260003700228300004900265650001600314700001900330700001800349856000600367INLIS00000000113660220220117125011 a0010-0122001678ta220117 g 0 ind  a978-602-1547-15-1 a610.7 a610.7 PAD a0 aPadila1 aAsuhan Keperawatan :bPenyakit Dalam /cPadila aCetakan Kedua aYogyakarta :bNuha Medika,c2017 axvi; 428 halaman :b... ;c15,5 x 23 cme... 4aKeperawatan0 aSampul; Haikhi0 aLayout; Isna1 ad